| 000 | 00722nam a2200229Ia 4500 | ||
|---|---|---|---|
| 001 | 21704 | ||
| 005 | 20260420112859.0 | ||
| 008 | 260320s9999||||xx |||||||||||||| ||und|| | ||
| 022 | _a2414195X | ||
| 041 | _aESP | ||
| 082 |
_aHR 150 ENE-DIC 2024 _bRPHP.3 |
||
| 110 | _aSociedad Peruana de Historia de la Psicología | ||
| 245 | 0 | _aRevista peruana de historia de la psicología | |
| 260 | _bSociedad Peruana de Historia de la Psicología | ||
| 300 |
_a130 páginas : _c24 cm. |
||
| 505 | _aVol. 10 (Enero-Diciembre , 2024) | ||
| 650 | _aPSI | ||
| 653 | _aPsicología - Revista | ||
| 654 | _aCPS | ||
| 856 |
_uhttps://revistas.ucsp.edu.pe/ _zVéase además: Revistas académicas UCSP |
||
| 942 |
_cREV _dJUS _fMAT _2ddc |
||
| 999 |
_c21704 _d21704 |
||